Cartas (Registro nro. 16934)

Detalles MARC
000 -CABECERA
Longitud fija campo de control 00590nam a22002057a 4500
003 - IDENTIFICADOR DELl NÚMERO DE CONTROL
Identificador del número de control OSt
005 - FECHA Y HORA DE LA ÚLTIMA TRANSACCIÓN
Fecha y hora de la última transacción 20150115145001.0
008 - CÓDIGOS DE INFORMACIÓN DE LONGITUD FIJA
Códigos de información de longitud fija 141217b xxu||||| |||| 00| 0 eng d
020 ## - NÚMERO INTERNACIONAL NORMALIZADO PARA LIBROS
Número Internacional Normalizado para Libros (ISBN) 84-7039-456-8
040 ## - FUENTE DE LA CATALOGACIÓN
Centro transcriptor BMC
082 ## - NÚMERO DE LA CLASIFICACIÓN DECIMAL DEWEY
Númeroo de clasificación 863.8346
100 1# - PUNTO DE ACCESO PRINCIPAL-NOMBRE DE PERSONA
Nombre de persona Vega, Lope de
Fechas asociadas al nombre 1562-1635
9 (RLIN) 19
245 10 - MENCIÓN DE TÍTULO
Título Cartas
Mención de responsabilidad, etc. Lope de Vega ; edición, introducción y notas de Nicolás Marín
260 ## - PUBLICACIÓN, DISTRIBUCIÓN, ETC. (PIE DE IMPRENTA)
Lugar de publicación, distribución, etc. Madrid
Nombre del editor, distribuidor, etc. Castalia
Fecha de publicación, distribución, etc. cop. 1985
300 ## - DESCRIPCIÓN FÍSICA
Extensión 306 p.
Dimensiones 18 cm
490 ## - MENCIÓN DE SERIE
Mención de serie Clásicos Castalia
600 1# - PUNTO DE ACCESO ADICIONAL DE MATERIA - NOMBRE DE PERSONA
9 (RLIN) 28399
Nombre de persona Vega, Lope de
Fechas asociadas al nombre 1562-1635
Subdivisión de materia general (R ) Obra
700 1# - PUNTO DE ACCESO ADICIONAL - NOMBRE DE PERSONA
Nombre de persona Marín, Nicolás
9 (RLIN) 29761
942 ## - ENTRADA DE ELEMENTOS AGREGADOS (KOHA)
Fuente de clasificaión o esquema Dewey Decimal Classification
Koha [por defecto] tipo de item 1- Monografias
Existencias
Suprimido Perdido Fuente de clasificación o esquema Estropeado Restricciones de uso No para préstamo Código de colección Localización permanente Localización actual Localización en estanter&íacute;as Fecha adquisición Fuente de adquisición Número de inventario Préstamos totales Signatura completa Código de barras Fecha última consulta Fecha del precio de reemplazo Tipo de item de Koha
NULL NULL Dewey Decimal Classification NULL Prestable NULL NULL Biblioteca Miguel de Cervantes - UNICAES Biblioteca Miguel de Cervantes - UNICAES Sala Principal 04/12/1997 Donación - Mayorga Rivas 026324   863.8346 VEG car 1026734 22/12/2014 22/12/2014 1- Monografias